| 000 | 00422cam a22001217a 4500 | ||
|---|---|---|---|
| 008 | 180718b1966 xxu||||| |||| 00| 0 eng d | ||
| 082 | _aT112x54 C393 | ||
| 100 | _aChaudhary, Mahinder D. | ||
| 245 |
_aRegional income accounting in an underdeveloped economy : a case study of india _cby Mahinder D. Chaudhary |
||
| 260 |
_aCalcutta _bFirma K.L. Mukhopadhyay _c1966 |
||
| 300 | _axiv,144p | ||
| 650 | _aIncome Accounting -India. | ||
| 999 |
_c410384 _d410384 |
||